| Tag |
First Indicator |
Second Indicator |
Subfields |
| LEADER |
00000cam a2200000 4500 |
| 001 |
in00000046703 |
| 005 |
20151007075344.0 |
| 008 |
800613s1911 xx 00010 eng |
| 010 |
|
|
|a 12031448
|
| 035 |
|
|
|a (OCoLC)06417849
|
| 035 |
|
|
|9 AAF3069AM
|
| 040 |
|
|
|a DLC
|c TXA
|d UtOrBLW
|
| 049 |
|
|
|a TXAM
|
| 050 |
|
0 |
|a QD561
|b .S9
|
| 092 |
|
|
|a 541.37
|b S851i
|
| 100 |
1 |
|
|a Stewart, Morris Archer,
|d 1881-
|
| 245 |
1 |
4 |
|a The ionization relations of sulphuric acid /
|c by Morris Archer Stewart ...
|
| 264 |
|
1 |
|a [Place of publication not identified],
|b [publisher not identified] ;
|c 1911.
|
| 300 |
|
|
|a 36 pages ;
|c 26 cm.
|
| 336 |
|
|
|a text
|b txt
|2 rdacontent
|
| 337 |
|
|
|a unmediated
|b n
|2 rdamedia
|
| 338 |
|
|
|a volume
|b nc
|2 rdacarrier
|
| 500 |
|
|
|a Published also in the Journal of American chemical society, volume 32, pages 1133-1162.
|
| 502 |
|
|
|b PH.D.
|c Massachusetts Institute of Technology
|d 1911.
|
| 650 |
|
0 |
|a Ionization.
|
| 650 |
|
0 |
|a Sulfuric acid.
|
| 999 |
|
|
|a MARS
|
| 999 |
f |
f |
|s c813070d-2928-32e9-ab6b-068365fc9c4e
|i 5e02b1b8-6244-3c85-aee1-1d1ac06530db
|t 0
|
| 952 |
f |
f |
|p ric
|a Texas A&M University
|b Rellis Campus
|c Joint Library Facility
|s JLF
|d Remote Storage
|t 0
|e QD561 .S9
|h Library of Congress classification
|i unmediated -- volume
|m A14800937369
|
| 998 |
f |
f |
|a QD561 .S9
|t 0
|l Remote Storage
|